[Event "Indore op 1st"]
[Site "Indore"]
[Date "2023.04.06"]
[Round "8"]
[White "Krasenkow, Michal"]
[Black "Stupak, Kirill"]
[Result "1/2-1/2"]
[WhiteElo "2527"]
[BlackElo "2413"]
[PlyCount "42"]
[EventDate "2023.04.01"]
[EventType "swiss"]
[EventRounds "10"]
[EventCountry "IND"]
[SourceTitle "CBM 213 Extra"]
[Source "ChessBase"]
[SourceDate "2023.05.31"]
[SourceVersion "1"]
[SourceVersionDate "2023.05.31"]
[SourceQuality "1"]

1. Nf3 d5 2. d4 c5 3. c4 cxd4 4. cxd5 Nf6 5. Nxd4 Nxd5 6. e4 Nf6 7. Nc3 e5 8. Bb5+ Bd7 9. Bxd7+ Qxd7 10. Nc2 Qxd1+ 11. Kxd1 Bc5 12. Ke2 Nc6 13. Bg5 Nd7 14. Rhd1 f6 15. Be3 Bxe3 16. Kxe3 0-0-0 17. Nd5 Nb6 18. Nxb6+ axb6 19. a4 Na5 20. b4 Nc4+ 21. Ke2 Rxd1 1/2-1/2